000 00452nam a2200169Ia 4500
008 090711s9999 xx 000 0 und d
082 _b59075
100 _aवालावलकर सी. पु.
245 _aहोळी
260 _c1976
300 _a179
600 _aवालावलकर सी. पु.
630 _aहोळी
700 _aवालावलकर सी. पु.
730 _aहोळी
942 _cBOOK
999 _c310121
_d310121